Regulácia cien na Slovensku a nový zákon o cenách

Štátna regulácia cien na Slovensku spočíva v priamom určovaní, obmedzovaní alebo usmerňovaní cien štátom. Ekonomická metóda regulácie cien. Administratívna metóda regulácie cien. Nový zákon NR SR č. 18/1996 Z.z. o cenách. Právny postih podnikateľských subjektov za neprimerané ceny.

Guardado en:
Detalles Bibliográficos
Autor principal: Holková, Vieroslava
Formato: Capítulo de libro
Lenguaje:eslovaco
Materias:
Etiquetas: Agregar Etiqueta
Sin Etiquetas, Sea el primero en etiquetar este registro!

MARC

LEADER 00000naa a2200000 4500
001 r021532
005 20230918074211.1
041 0 |a slo 
044 |a SK 
245 1 0 |a Regulácia cien na Slovensku a nový zákon o cenách  |c Vieroslava Holková 
520 |a Štátna regulácia cien na Slovensku spočíva v priamom určovaní, obmedzovaní alebo usmerňovaní cien štátom. Ekonomická metóda regulácie cien. Administratívna metóda regulácie cien. Nový zákon NR SR č. 18/1996 Z.z. o cenách. Právny postih podnikateľských subjektov za neprimerané ceny. 
610 2 0 |a regulácia cenová 
610 2 0 |a zákony 
610 2 0 |a Slovensko 
610 2 0 |a 1996 
610 2 0 |a ceny 
100 1 |a Holková, Vieroslava